Understanding human sexuality

Պահպանված է:
Մատենագիտական մանրամասներ
Հիմնական հեղինակ: HYDE, Janet Shibley Delamata, John D.
Ձևաչափ: Գիրք
Լեզու:անգլերեն
Հրապարակվել է: McGraw Hill Education 2020
Ցուցիչներ: Ավելացրեք ցուցիչ
Չկան պիտակներ, Եղեք առաջինը, ով նշում է այս գրառումը!

MARC

LEADER 00000nam a22000007a 4500
008 231222b |||||||| |||| 00| 0 eng d
020 |a 9781260547931 
100 |a HYDE, Janet Shibley  |a Delamata, John D. 
245 |a Understanding human sexuality  |c /Janet Shibley Hyde, John D.Delamater  |g vi,513p;ill 
260 |b McGraw Hill Education   |c 2020  |h New York  |i 700397  |i 700398  |i 700399  |l HQ12.H99  |m Sex  |m Sex customs  |m Sexual health  |m Sex (Psychology) 
500 |a it includes references and index 
942 |a lcc  |c BK  |e Johnson  |f 22/12/23 
952 |0 0  |1 0  |2 lcc  |4 0  |6 HQ0012 H99  |7 0  |9 4711  |a SSL  |b HOL  |c LP  |d 2023-12-22  |l 0  |o HQ12.H99  |p 2023-0624  |r 2023-12-22 00:00:00  |t 700397  |w 2023-12-22  |y BK 
952 |0 0  |1 0  |2 lcc  |4 0  |6 HQ0012 H99  |7 0  |9 4712  |a HE  |b HOL  |c LP  |d 2023-12-22  |l 0  |o HQ12.H99  |p 2023-0625  |r 2023-12-22 00:00:00  |t 700398  |w 2023-12-22  |y BK 
952 |0 0  |1 0  |2 lcc  |4 0  |6 HQ0012 H99  |7 0  |9 4713  |a HOL  |b HOL  |c LP  |d 2023-12-22  |l 0  |o HQ12.H99  |p 2023-0626  |r 2023-12-22 00:00:00  |t 700399  |w 2023-12-22  |y BK 
999 |c 2362  |d 2362